Penggunaan istilah dalam bidang matematik : suatu kajian pinjaman istilah daripada Bahasa Inggeris ke Bahasa Melayu /
Saved in:
| Main Author: | |
|---|---|
| Format: | Thesis Book |
| Language: | Malay |
| Published: |
1998.
|
| Subjects: | |
| Tags: |
Add Tag
No Tags, Be the first to tag this record!
|
| LEADER | 01353cam a2200301 a 4500 | ||
|---|---|---|---|
| 001 | u438075 | ||
| 003 | SIRSI | ||
| 008 | 920820s1998 my t 00 10 may m | ||
| 035 | |a ACG-9834 | ||
| 040 | |a UMM | ||
| 090 | |a PL5087 |b M3Won | ||
| 091 | |a Microfiche 14605 | ||
| 093 | |a PL5087 |b M3Won | ||
| 100 | 1 | 0 | |a Wong, May Kim. |
| 245 | 1 | 0 | |a Penggunaan istilah dalam bidang matematik : |b suatu kajian pinjaman istilah daripada Bahasa Inggeris ke Bahasa Melayu / |c Wong May Kim. |
| 260 | |c 1998. | ||
| 300 | |a xvi, 171 leaves : |b ill ; |c 29 cm. | ||
| 500 | |a Microfiche. Kuala Lumpur : University of Malaya Library, 2000. 2 fiches : negative ; 11 x 15 cm. | ||
| 502 | |a Dissertation (M.M.L.S.) -- Fakulti Bahasa dan Linguistik, Universiti Malaya, 1998. | ||
| 504 | |a Bibliography : leaves 168-171. | ||
| 650 | 0 | |a Malay language |x Terms and phrases |x English. | |
| 650 | 0 | |a Mathematics |x Terms and phrases |x Malay. | |
| 710 | 2 | 0 | |a Universiti Malaya. |b Fakulti Bahasa dan Linguistik. |
| 948 | |a 15/04/1999 |b 14/01/2003 | ||
| 596 | |a 1 6 | ||
| 999 | |a PL5087 M3WON |w LC |c 1 |i A508645005 |d 2/3/2013 |e 2/3/2013 |l B_KOM4 |m P01UTAMA |n 19 |r Y |s Y |t TESIS |u 19/4/1999 |o .PUBLIC. BKOM 4 : 42525 | ||
| 999 | |a PL5087 M3WON |w LC |c 2 |i A505618086 |d 27/9/2016 |e 27/9/2016 |l STACKS |m P01UTAMA |n 13 |r Y |s Y |t TESIS |u 22/6/1999 | ||
| 999 | |a PL5087 M3WON |w LC |c 1 |i A503709446 |l STACKS |m P06BAHASA |r Y |s Y |t TESIS |u 15/4/1999 | ||
